Statistics for Doctor Who's Tardis

Click here to take the quiz!

General Stats

  • This quiz has been taken 5,751 times
  • The average score is 6 of 6

Answer Stats

HintAnswer% Correct
TTime
100%
AAnd
98%
IIn
98%
SSpace
98%
DDimension
94%
RRelative
94%

Score Distribution

Percentile by Number Answered

Percent of People with Each Score

Your Score History

You have not taken this quiz